000 00735nam a22002297a 4500
008 130821s1946 ck gr spa
040 _aCo-BoUCM
_bspa
041 0 0 _aspa
092 _aFM 000539
100 _aBeltrami, José
_9148464
245 0 0 _aRecuerdo del legado pontificio al clero Colombiano
_cJosé Beltrami
260 _aBogotá (Colombia)
_bLumen
_c1946
300 _a23 páginas
500 _aEste libro se encuentra en el depósito de la biblioteca
600 _aVirgen María
_xTeología
_9894
600 _aVirgen María
_xTeología
_xCulto
_999976
650 0 4 _aClero
_911023
650 0 4 _aClero
_xVida espiritual
_911023
650 0 4 _aCulto
_912386
650 0 4 _aVida espiritual
_926229
942 _cLIBRO
_a27
_e1
_n0
999 _c84426
_d84426